[Event "Ourense Campus 6th"]
[Site "Ourense"]
[Date "2019.07.02"]
[Round "2.10"]
[White "Vazquez Gomez, David"]
[Black "Sanchez Aller, Fernando"]
[Result "0-1"]
[WhiteElo "1787"]
[BlackElo "2315"]
[PlyCount "60"]
[EventDate "2019.07.01"]
[EventType "swiss"]
[EventRounds "9"]
[EventCountry "ESP"]
[SourceTitle "EXT 2024"]
[Source "ChessBase"]
[SourceDate "2023.10.10"]
[SourceVersion "1"]
[SourceVersionDate "2023.10.10"]
[SourceQuality "1"]

1. Nf3 c5 2. c4 Nc6 3. g3 g6 4. b3 Bg7 5. Nc3 e5 6. Bb2 e4 7. Nh4 f5 8. Qc1 Nf6 9. d3 exd3 10. Qe3+ Kf7 11. Qxd3 Qa5 12. Bg2 d5 13. cxd5 Nb4 14. Qd2 Rd8 15. 0-0 Kf8 16. Rfd1 Bd7 17. a3 Na6 18. b4 Qb6 19. e4 cxb4 20. axb4 fxe4 21. b5 Nc5 22. Ba3 Kg8 23. Bxc5 Qxc5 24. Rac1 e3 25. Qxe3 Qxe3 26. fxe3 Ng4 27. e4 Rac8 28. Rd3 Bxb5 29. Rf3 Ne5 30. Rf2 Nd3 0-1